Justice at last

Bibliographic Details
Main Author: Lyss, Chryssa
Corporate Author: Title
Format: Book
Published: Selangor : Cerdik Publications , 2005
Series:The pearl series for KBSM
Subjects:

MARC

LEADER 00000cam a2200000 7i4500
001 0000002890
005 20151222.0
008 070716
020 |a 9837016868 
020 |a 9837018747(set) 
090 0 0 |a JF   |b ENG 
100 1 |a Lyss, Chryssa 
245 1 0 |a Justice at last   |c Chryssa Lyss 
260 |a Selangor :   |b Cerdik Publications ,   |c 2005 
440 |a The pearl series for KBSM 
500 |a Children ages 10-12 years old (pink) 
650 0 |a Junior fiction   |x English   |x Languages 
710 0 |a Title 
999 |a 0000950403   |b Book   |c Children Collection   |e Cawangan Bandar Tenggara 
999 |a 0000950404   |b Book   |c Children Collection   |e Cawangan Bandar Tenggara 
999 |a 0000950407   |b Book   |c Children Collection   |e Cawangan Pontian 
999 |a 0000961202   |b Book   |c Children Collection   |e Perbadanan Perpustakaan Awam Johor 
999 |a 0000961203   |b Book   |c Children Collection   |e Cawangan Tangkak 
999 |a 0000961204   |b Book   |c Children Collection   |e Perbadanan Perpustakaan Awam Johor